Atlas địa lý - kinh tế - chính trị thế giới

保存先:
書誌詳細
フォーマット: Sách
言語:Undetermined
出版事項:  Nxb Đà Nẵng  2008
主題:
タグ: タグ追加
タグなし, このレコードへの初めてのタグを付けませんか!
Thư viện lưu trữ: Trung tâm Thư viện - Trường Đại học Công nghiệp TP. Hồ Chí Minh
LEADER 00447nam a2200133Ia 4500
001 UIH_05866
008 231011s9999 xx 000 0 und d
082 |a  330.9 
245 0 |a  Atlas địa lý - kinh tế - chính trị thế giới 
260 |b  Nxb Đà Nẵng 
260 |c  2008 
650 |a  Địa lý kinh tế;  
927 |a Sách 
980 |a Trung tâm Thư viện - Trường Đại học Công nghiệp TP. Hồ Chí Minh